K akému hospodárstvu smeruje Slovensko?

Základné princípy hospodárskej politiky sociálne trhového hospodárstva. Nedostatky v stabilite hospodárskej politiky a vo voľnej hospodárskej súťaži na Slovensku.

Enregistré dans:
Détails bibliographiques
Auteur principal: Dolnák, M.
Format: Chapitre de livre
Langue:slovaque
Sujets:
Tags: Ajouter un tag
Pas de tags, Soyez le premier à ajouter un tag!

MARC

LEADER 00000naa a2200000 4500
001 r023322
005 20230801105939.9
041 0 |a slo 
044 |a SK 
245 1 0 |a K akému hospodárstvu smeruje Slovensko?  |c M. Dolnák 
520 |a Základné princípy hospodárskej politiky sociálne trhového hospodárstva. Nedostatky v stabilite hospodárskej politiky a vo voľnej hospodárskej súťaži na Slovensku. 
610 2 0 |a Slovensko 
610 2 0 |a hospodárstvo trhové 
610 2 0 |a súťaž hospodárska 
610 2 0 |a stabilita politická 
610 2 0 |a stabilita meny 
610 2 0 |a reformy sociálne 
610 2 0 |a politika hospodárska 
100 1 |a Dolnák, M.